000 00982nam a22002297a 4500
005 20160907020002.0
008 120920s2012 sp a gr 000 0 spa d
020 _a9788461535439
041 _aspa
082 0 4 _a597.9809
_bH673h
245 0 0 _aHistoria natural y conservación del caimán llanero (Crocodylus intermedius Graves, 1819) en Colombia
_ced. Manuel Mechán Fornelino ... [et al.]
246 3 0 _aHistoria natural y conservación del caimán llanero (Crocodylus intermedius) en Colombia
260 _a[Madrid]
_bAsociación Chelonia
_bCorporinoquía
_c2012
300 _a238 p.
_bil.
_c24 cm.
490 _aMonografías de la asociación Chelonia
_vV. 4
504 _aIncluye referencias bibliográficas
650 1 7 _aCocodrilos
_xHabitat
_zColombia
_9719
650 1 7 _aConservación de la diversidad animal
_zOrinoquía
_zColombia
_9720
650 1 7 _aEspecies amenazadas
_zOrinoquia
_zColombia
_9721
700 1 _aMechán Fornelino, Manuel
_eed.
_9722
942 _2ddc
_cIMPRESO
_02
999 _c7411
_d7411